| 000 | 00455nam a2200133Ia 4500 | ||
|---|---|---|---|
| 008 | 231129s1972||||xx |||||||||||||| ||spa|| | ||
| 040 | _bspa | ||
| 082 | _a341.0266861042 V393q | ||
| 100 | _aVazquez Carrizosa Alfredo | ||
| 245 | 0 | _aQuitasueno Roncador Serrana : Antecedentes historicos y juridicos del tratado entre la republica de Colombia y los Estados Unidos del 8 de Septiembre de 1972 | |
| 260 | _c1972 | ||
| 264 | _aItalgraf | ||
| 942 |
_2ddc _cBKS |
||
| 999 |
_c23681 _d23681 |
||